LIBRARY & INFORMATION CENTRE, KCAET, TAVANUR

ONLINE PUBLIC ACCESS CATALOGUE (OPAC)

Elements of farm machinery / (Record no. 1788)

MARC details
000 -LEADER
fixed length control field 00563cam a2200217ua 4500
020 ## - INTERNATIONAL STANDARD BOOK NUMBER
ISBN 81-204-0513-7
041 ## - LANGUAGE CODE
Language code of text/sound track or separate title eng
082 ## - DEWEY DECIMAL CLASSIFICATION NUMBER
Classification number 631.3
Item number SRI/EL
100 ## - MAIN ENTRY--AUTHOR NAME
Personal name Srivastava, A.C .
245 ## - TITLE STATEMENT
Title Elements of farm machinery /
250 ## - EDITION STATEMENT
Edition statement 1 /
260 ## - PUBLICATION, DISTRIBUTION, ETC. (IMPRINT)
Place of publication New Delhi :
Name of publisher Oxford & IBH Publishing company ,
Year of publication 1990.
300 ## - PHYSICAL DESCRIPTION
Number of Pages 337 :
Other physical details ` ; .
942 ## - ADDED ENTRY ELEMENTS (KOHA)
Koha item type Books
Holdings
Withdrawn status Lost status Damaged status Home library Current library Date acquired Full call number Accession Number Koha item type
Withdrawn     KAUAET KAUAET 07/04/2012 631.3 18391 Books
      KAUAET KAUAET 07/04/2012 631.3 17710 Books
      KAUAET KAUAET 07/04/2012 631.3 19342 Books
Withdrawn     KAUAET KAUAET 07/04/2012 631.3 20026 Books
free website counter